Statistics for Miss Universe 2017

Click here to take the quiz!

General Stats

  • This quiz has been taken 44 times
  • The average score is 12 of 16

Answer Stats

Miss Universe 2017 Top 16 Answer % Correct
WinnerSouth Africa
94%
Top 5Venezuela
94%
Runner UpColombia
90%
Top 5Thailand
90%
Top 10USA
87%
Top 10Philippines
84%
Top 10Spain
77%
Top 10Brazil
74%
Top 10Canada
74%
Top 3Jamaica
71%
Top 16China
71%
Top 16Ireland
58%
Top 16Ghana
55%
Top 16Sri Lanka
55%
Top 16Croatia
45%
Top 16Great Britain
39%

Score Distribution

Percentile by Number Answered

Percent of People with Each Score

Your Score History

You have not taken this quiz